000 01283nac a22003251i 4500
003 EG-ScBUE
005 20260318092136.0
008 260317s1969 nyua f 001 0 eng d
020 _a0486223434
040 _aEG-ScBUE
_beng
_erda
_cEG-ScBUE
_dEG-ScBUE
082 0 4 _a580
_bWOO
_222
100 1 _aGerard, John,
_d1545-1612,
_eauthor.
245 1 0 _aLeaves from Gerard's Herball :
_barranged for garden lovers /
_cby Marcus Woodward.
264 1 _aNew York, N.Y. :
_bDover Publications, INC.,
_c1969.
300 _axii, 305 pages :
_billustrations ;
_c21 cm.
336 _2rdacontent
_atext
_btxt
337 _aunmediated
_2rdamedia
_bn
338 _avolume
_bnc
_2rdacarrier
490 0 _aDover books on herbs, farming and gardening
500 _a"Unabridged and unaltered republication of the work originally published ... in 1931." First published in 1597 under title: The herball.
500 _aWith 130 illustration after the original woodcuts.
500 _aIncludes index.
650 7 _aBotany
_yPre-Linnean works.
_2BUEsh
650 7 _aHerbs
_xEarly works to 1800.
_2BUEsh
650 7 _aBotany, Medical
_xEarly works to 1800.
_2BUEsh
650 7 _aHerbals
_xEarly works to 1800.
_2BUEsh
655 _vReading book
700 1 _aWoodward, Marcus,
_eeditor.
942 _cBB
_2ddc
999 _c9447
_d9447